| 000 | 00703nam a22001937a 4500 | ||
|---|---|---|---|
| 003 | OSt | ||
| 005 | 20251028031911.0 | ||
| 008 | 251028b |||||||| |||| 00| 0 eng d | ||
| 020 | _a978-621-406-2294 | ||
| 040 |
_aDWCL-Main lib _cOC |
||
| 082 | _aFil. 170 E84 2020 | ||
| 100 | _aAng-Gutierrez, Jaime | ||
| 245 |
_aEthics 101: an exploration on the concept of right and wrong: _ba text manual for the 21st century students/ _cJaime Gutierrez-Ang |
||
| 260 |
_aManila: Mindshapers co. Inc., c2020. _b Mindshapers co. Inc., _cc2020. |
||
| 300 |
_avi, 128 pages : _b illustrations ; _c25cm. |
||
| 504 | _aIncludes bibliographical references | ||
| 650 | _a1. Ethics | ||
| 942 |
_2ddc _cBK - FIL _kFil. _n0 |
||
| 999 |
_c5216 _d5216 |
||